00353nam a2200109Ia 4500008004100000082001900041100001700060245003700077260005100114630001800165650006000183211109s9999||||xx |||||||||||||| ||und|| a894.433bAGR-H aAgrawal, G D 0aHirakude-Vanch Yochana Ki Kahani bIndia Govt of Ministry InformaNew Delhic1957 xGeneral Stack ahindi literaturevhindi fictionhindi storiesxGeneralia